=LDR 00000nam 2200000 4500 =001 INLIS000000000011725 =005 20130612103252 =008 ***********************************Ind** =035 ##$$0010-061300000011725 =041 ##$$a Ind =082 ##$$a 515.33 =090 ##$$a 515.33, Hen p =100 ##$$a Hendriana, Heris =245 ##$$a Persamaan deperensial, Drs.Heris Hendriana =260 ##$$a 2002 $b Bandung =300 ##$$a 118 hlm., 21 cm =650 ##$$a Affrensial =650 ##$$a Persamaan =850 ##$$a NBPNMAT